Technical and business report preparation (Record no. 80950)

MARC details
000 -LEADER
fixed length control field 00666nam a2200157 a 4500
008 - FIXED-LENGTH DATA ELEMENTS--GENERAL INFORMATION
fixed length control field 120416s1962 ||||||||||||||||| || u
050 ## - LIBRARY OF CONGRESS CALL NUMBER
Classification number T 11 Win
100 ## - MAIN ENTRY--PERSONAL NAME
Personal name Winfrey, Robley
245 10 - TITLE STATEMENT
Title Technical and business report preparation
250 ## - EDITION STATEMENT
Edition statement 3rd.ed
260 ## - PUBLICATION, DISTRIBUTION, ETC.
Place of publication, distribution, etc. Ames, Iowa
Name of publisher, distributor, etc. The Iowa State University Press
Date of publication, distribution, etc. 1962
300 ## - PHYSICAL DESCRIPTION
Extent x, 340p.
350 ## -
-- 0.00
995 ## -
-- ANNEX COLLECTION (Main Library)
-- 0.00
-- 718438
-- CBU-MAIN LIBRARY (Kitwe)
-- 2
-- 7.95
-- T 11 Win
-- 1
-- AVAILABLE
-- 014256
-- Annex Low-Usage Collection
995 ## -
-- BINDERY (DAMAGED)
-- 0.00
-- 715906
-- CBU-MAIN LIBRARY (Kitwe)
-- 1
-- 7.95
-- T 11 Win
-- 1
-- DAMAGED
-- 014257
-- Main Library Open Access Collection
999 ## -
-- 80950
-- 80950
Holdings
Withdrawn status Lost status Source of classification or shelving scheme Damaged status Not for loan Permanent Location Current Location Shelving location Date acquired Total Checkouts Full call number Barcode Date last seen Copy number Price effective from Koha item type
          CBU-MAIN LIBRARY, KITWE. CBU-MAIN LIBRARY, KITWE.   07/11/2023   T 11 Win 014256 07/11/2023 1 07/11/2023 MONOGRAPH
          CBU-MAIN LIBRARY, KITWE. CBU-MAIN LIBRARY, KITWE.   07/11/2023   T 11 Win 014257 07/11/2023 2 07/11/2023 MONOGRAPH